000 00373nam a2200133 a 4500
005 20140412111418.0
008 070906s19uu xx 00 eng d
020 _a971-508-209-2
050 _aBB
_bPa18 2003
100 _aGatmaitan, Luis
245 _aAng pambihirang buhok ni Raquel /
_cLuis Gatmaitan.
260 _aPhilippines :
_bAdarna house,
_c2003.
999 _c105935
_d105935